El ABC de la arquitectura latinoamericana / (Record no. 1011)

MARC details
000 -LEADER
campo de control de longitud fija 00610nam a22001937a 4500
008 - DATOS DE LONGITUD FIJA--INFORMACIÓN GENERAL
campo de control de longitud fija 160813s2016 pn||||| |||| 00| 0 spa d
020 ## - NÚMERO INTERNACIONAL ESTÁNDAR DEL LIBRO
Número Internacional Estándar del Libro 9789962121848
082 04 - NÚMERO DE LA CLASIFICACIÓN DECIMAL DEWEY
Número de clasificación 720.98
Número de ítem M757a
100 ## - ENTRADA PRINCIPAL--NOMBRE DE PERSONA
Nombre de persona Montañez, Darién.
9 (RLIN) 2331
245 13 - MENCIÓN DEL TÍTULO
Título El ABC de la arquitectura latinoamericana /
Mención de responsabilidad, etc. Darién Montañez y Manuel Serpa.
250 ## - MENCION DE EDICION
Mención de edición 1a ed.
260 ## - PUBLICACIÓN, DISTRIBUCIÓN, ETC.
Lugar de publicación, distribución, etc. Panamá :
Nombre del editor, distribuidor, etc. D. Montañez ; M. Serpa,
Fecha de publicación, distribución, etc. 2016.
300 ## - DESCRIPCIÓN FÍSICA
Extensión 60 p.
Otras características físicas il.col.
653 10 - TÉRMINO DE INDIZACIÓN--NO CONTROLADO
Término no controlado Arquitectura
653 10 - TÉRMINO DE INDIZACIÓN--NO CONTROLADO
Término no controlado Arquitectura Latinoamericana
653 10 - TÉRMINO DE INDIZACIÓN--NO CONTROLADO
Término no controlado Diccionario - Arquitectura
653 10 - TÉRMINO DE INDIZACIÓN--NO CONTROLADO
Término no controlado Arquitectura moderna
700 1# - ENTRADA AGREGADA--NOMBRE PERSONAL
Nombre de persona Serpa, Manuel.
9 (RLIN) 5422
Holdings
Estatus retirado Estado de pérdida Fuente del sistema de clasificación o colocación Estado de daño No para préstamo Biblioteca de origen Biblioteca actual Ubicación en estantería Fecha de adquisición Total de préstamos Signatura topográfica completa Visto por última vez Precio de reemplazo Tipo de ítem Koha
    Clasificación Decimal Dewey     Biblioteca LadoV Biblioteca LadoV   13/08/2016   720.98 M757a 13/08/2016 13/08/2016 Material 01